LEADER 00891nam a2200217 i 4500 001 991001859879707536 008 000211s1970 it 000 0 ita 035 $ab11574549-39ule_inst 040 $aDip.to Studi Giuridici$bita 100 1 $aDelfino, Felice$0238241 245 13$aLa dichiarazione di illegittimita costituzionale delle leggi :$bnatura ed effetti /$cFelice Delfino 260 $aNapoli :$bJovene,$c1970 300 $a230 p. ;$c25 cm 490 0 $aPubblicazioni della Facoltą giuridica della seconda Universitą di Napoli ;$v120 650 4$aLeggi 907 $a.b11574549$b01-03-17$c02-07-02 912 $a991001859879707536 945 $aLE027 C-XXI/A 33$g1$lle027$o-$pE0.00$q-$rl$s- $t0$u0$v0$w0$x0$y.i11780009$z02-07-02 996 $aDichiarazione di illegittimitą costituzionale delle leggi$9203697 997 $aUNISALENTO 998 $ale027$b01-01-00$cm$da $e-$fita$git $h3$i1